000 00679nam a2200289Ia 4500
005 20260324143503.0
008 008 260324s9999 xx 000 0 eng d
020 _a9781003209485
037 _aEBOOK
040 _aCRL
040 _beng
040 _cCRL
041 _2eng
041 _aeng
084 _qCRL
100 _aDavid Roochnik
_9874110
245 4 _aThe Tragedy of Reason
245 0 _bToward a Platonic Conception of Logos
260 _bTaylor and Francis
260 _c1991
365 _a
365 _b56.95
856 _uhttp://www.taylorfrancis.com/books/9781003209485
942 _cEBOOK
999 _c1821280
_d1821280